| 000 | 00578nam a22002057a 4500 | ||
|---|---|---|---|
| 999 |
_c6502 _d6502 |
||
| 003 | OSt | ||
| 005 | 20200128160358.0 | ||
| 008 | 160427b xxu||||| |||| 00| 0 eng d | ||
| 020 | _a0226437213 | ||
| 040 | _cDDC. | ||
| 082 | _a599.09676KIN 1984 | ||
| 100 |
_aKingdon,Jonathan; _98361 |
||
| 245 |
_aEast African Mammals. _bAn Atlas of Evolution in Africa. Carnivores. |
||
| 250 | _aVOL IIIA | ||
| 260 |
_aChicago. _bUniversity of Chicago Press. _c1984 |
||
| 300 |
_aviii,476p; _bill; _c30cm. |
||
| 504 | _aincludes index. | ||
| 650 |
_aCarnivores, _98362 |
||
| 942 |
_2ddc _cO_SHELF |
||